[Event "Rottach Egern Seniors Cup 10th"]
[Site "Rottach Egern"]
[Date "2022.03.30"]
[Round "5"]
[White "Stierle, Martin"]
[Black "Haserodt, Jan"]
[Result "1-0"]
[WhiteElo "1879"]
[BlackElo "2004"]
[PlyCount "81"]
[EventDate "2022.03.26"]
[EventType "swiss"]
[EventRounds "9"]
[EventCountry "GER"]
[SourceTitle "CBM 207 Extra"]
[Source "ChessBase"]
[SourceDate "2022.05.31"]
[SourceVersion "1"]
[SourceVersionDate "2022.05.31"]
[SourceQuality "1"]

1. d4 Nf6 2. c4 g6 3. Nc3 d5 4. Nf3 Bg7 5. cxd5 Nxd5 6. e4 Nxc3 7. bxc3 c5 8. Rb1 0-0 9. Be2 Qa5 10. Bd2 Qxa2 11. 0-0 Qe6 12. Qc2 Qd6 13. e5 Qc7 14. Qe4 Nc6 15. Qh4 f6 16. exf6 exf6 17. d5 Ne5 18. Nxe5 Qxe5 19. Rfe1 Qd6 20. Bc4 g5 21. Qh5 b6 22. Bd3 f5 23. Qxg5 Qf6 24. Qh5 Qf7 25. Qh4 Bf6 26. Qf4 Bb7 27. c4 Bg7 28. Re6 Bc8 29. Re2 Bd7 30. Qd6 Rae8 31. Rbe1 Rxe2 32. Rxe2 Re8 33. Rxe8+ Qxe8 34. Qc7 Be5 35. Qxa7 Qh5 36. h3 Qd1+ 37. Bf1 Qxd2 38. Qxd7 Bd4 39. Qxf5 b5 40. cxb5 c4 41. Bxc4 1-0

[Event "Rottach Egern Seniors Cup 9th"]
[Site "Rottach Egern"]
[Date "2021.10.27"]
[Round "6"]
[White "Haserodt, Jan"]
[Black "Voegerl, Ronald"]
[Result "1/2-1/2"]
[WhiteElo "2030"]
[BlackElo "1885"]
[PlyCount "75"]
[EventDate "2021.10.22"]
[EventType "swiss"]
[EventRounds "7"]
[EventCountry "GER"]
[SourceTitle "CBM 204 Extra"]
[Source "ChessBase"]
[SourceDate "2021.11.30"]
[SourceVersion "1"]
[SourceVersionDate "2021.11.30"]
[SourceQuality "1"]

1. e4 d5 2. exd5 Nf6 3. Bb5+ Nbd7 4. d4 Nxd5 5. Nf3 c6 6. Be2 g6 7. 0-0 Bg7 8. c4 N5f6 9. Nc3 0-0 10. h3 Qc7 11. Be3 Rd8 12. Qc1 e5 13. Rd1 exd4 14. Bxd4 b6 15. Be3 Bb7 16. Bf4 Qc8 17. Bg5 Re8 18. Nd4 a6 19. Bf3 Ne5 20. Qf4 Nxf3+ 21. Nxf3 Nh5 22. Qd2 Nf6 23. Re1 Qd7 24. Qxd7 Nxd7 25. Rad1 Nc5 26. Be3 Rad8 27. Bxc5 Rxd1 28. Rxd1 bxc5 29. Rd7 Bc8 30. Rc7 Be6 31. Rxc6 Bxc4 32. Rxc5 Be6 33. a3 Rb8 34. b4 Rd8 35. Ng5 Bb3 36. Rc6 h6 37. Nge4 Rd3 38. Kf1 1/2-1/2

[Event "Bad Wiessee Senioren Cup 8th"]
[Site "Bad Wiessee"]
[Date "2019.05.17"]
[Round "7"]
[White "Van Voorthuijsen, Peewee"]
[Black "Haserodt, Jan"]
[Result "1-0"]
[WhiteElo "2126"]
[BlackElo "2001"]
[PlyCount "77"]
[EventDate "2019.05.11"]
[EventType "swiss"]
[EventRounds "9"]
[EventCountry "GER"]
[SourceTitle "EXT 2020"]
[Source "ChessBase"]
[SourceDate "2019.10.17"]
[SourceVersion "1"]
[SourceVersionDate "2019.10.17"]
[SourceQuality "1"]

1. d4 d6 2. g3 Nf6 3. Nf3 Nbd7 4. Bg2 e5 5. 0-0 Be7 6. c4 0-0 7. Nc3 c6 8. Qc2 Qc7 9. Rd1 Re8 10. h3 Nf8 11. e4 Be6 12. b3 Rad8 13. Be3 Bc8 14. Rac1 Ng6 15. b4 h5 16. Qa4 b6 17. d5 Bd7 18. dxc6 Bxc6 19. b5 Ba8 20. Nd5 Qb7 21. Ne1 Bf8 22. Nd3 Nd7 23. N3b4 Nc5 24. Bxc5 bxc5 25. Nc6 Rd7 26. h4 Ne7 27. Ncxe7+ Bxe7 28. Bh3 Rdd8 29. Rc3 g5 30. hxg5 Bxg5 31. Ra3 Re7 32. Bf5 Kg7 33. Nxe7 Qxe7 34. Qxa7 Qf6 35. Qc7 h4 36. Ra6 hxg3 37. Rdxd6 gxf2+ 38. Kf1 Bh4 39. Rxd8 1-0

[Event "Bad Wiessee Senioren Cup 8th"]
[Site "Bad Wiessee"]
[Date "2019.05.16"]
[Round "6"]
[White "Haserodt, Jan"]
[Black "Schatz, Christian"]
[Result "1/2-1/2"]
[WhiteElo "2001"]
[BlackElo "2147"]
[PlyCount "30"]
[EventDate "2019.05.11"]
[EventType "swiss"]
[EventRounds "9"]
[EventCountry "GER"]
[SourceTitle "EXT 2020"]
[Source "ChessBase"]
[SourceDate "2019.10.17"]
[SourceVersion "1"]
[SourceVersionDate "2019.10.17"]
[SourceQuality "1"]

1. d4 Nf6 2. Nc3 c5 3. d5 e5 4. e4 d6 5. Bb5+ Bd7 6. a4 Bxb5 7. axb5 Nbd7 8. Nf3 g6 9. 0-0 Bg7 10. Nd2 0-0 11. Nc4 Nb6 12. Qd3 Nxc4 13. Qxc4 Nd7 14. Ra3 Qb6 15. Bd2 a5 1/2-1/2

[Event "GER-ch Seniors 50"]
[Site "Hamburg"]
[Date "2018.07.28"]
[Round "8"]
[White "Haserodt, Jan"]
[Black "Neldner, Frank"]
[Result "1-0"]
[WhiteElo "2021"]
[BlackElo "1586"]
[PlyCount "111"]
[EventDate "2018.07.21"]
[EventType "swiss"]
[EventRounds "9"]
[EventCountry "GER"]
[SourceTitle "CBM 186 Extra"]
[Source "ChessBase"]
[SourceDate "2018.08.24"]
[SourceVersion "1"]
[SourceVersionDate "2018.08.24"]
[SourceQuality "1"]

1. d4 e6 2. Bf4 b6 3. e4 Bb7 4. Nd2 Ne7 5. Bd3 f5 6. exf5 Nxf5 7. Ngf3 Be7 8. Qe2 0-0 9. Bg3 Bf6 10. 0-0-0 Bxd4 11. Bxf5 Bxb2+ 12. Kxb2 Rxf5 13. Rhe1 Ba6 14. Qe4 Nc6 15. Nb3 Bb7 16. Qd3 Rf7 17. Bh4 Rxf3 18. Bxd8 Rxd3 19. Bxc7 Rxd1 20. Rxd1 d5 21. f4 Rc8 22. Bd6 Rd8 23. Ba3 h6 24. Nd4 Nxd4 25. Rxd4 g5 26. Be7 Re8 27. Bd6 gxf4 28. Rxf4 e5 29. Rf5 e4 30. Kc3 e3 31. Re5 Rxe5 32. Bxe5 e2 33. Kd2 Ba6 34. Bb8 Bc4 35. Bxa7 b5 36. g4 Kf7 37. Bd4 Kg6 38. Be3 Kh7 39. a3 Kg6 40. h4 h5 41. g5 Kf5 42. Bd4 Kg6 43. Bc3 Kf5 44. Ke3 Kg6 45. Kd4 Kf5 46. Bd2 Ke6 47. Be1 Kf5 48. Ke3 Ke5 49. Bc3+ Kf5 50. Kf3 d4 51. Be1 d3 52. cxd3 Bxd3 53. Ke3 Bc4 54. Kd4 Kg6 55. a4 Kf5 56. Kc5 1-0

[Event "GER-ch Seniors 50"]
[Site "Hamburg"]
[Date "2018.07.26"]
[Round "6"]
[White "Stuemer, Paul"]
[Black "Haserodt, Jan"]
[Result "1-0"]
[WhiteElo "2087"]
[BlackElo "2021"]
[PlyCount "53"]
[EventDate "2018.07.21"]
[EventType "swiss"]
[EventRounds "9"]
[EventCountry "GER"]
[SourceTitle "CBM 186 Extra"]
[Source "ChessBase"]
[SourceDate "2018.08.24"]
[SourceVersion "1"]
[SourceVersionDate "2018.08.24"]
[SourceQuality "1"]

1. Nf3 d6 2. d4 Nf6 3. e3 Nbd7 4. c4 e5 5. Nc3 Be7 6. Be2 0-0 7. 0-0 c6 8. Qc2 Qc7 9. b3 Re8 10. Bb2 Bf8 11. Rac1 g6 12. Rfd1 Bg7 13. h3 b6 14. b4 Bb7 15. c5 bxc5 16. bxc5 dxc5 17. dxc5 Nd5 18. Ne4 Nxc5 19. Nxc5 Bc8 20. Nxe5 Bxe5 21. Bxe5 Qxe5 22. Bf3 Rb8 23. Nd3 Qg5 24. Qxc6 Bb7 25. Qc5 Rec8 26. Qxa7 Bc6 27. Rxc6 1-0

[Event "GER-ch Seniors 50"]
[Site "Hamburg"]
[Date "2018.07.24"]
[Round "4"]
[White "Wasmuth, Matthias"]
[Black "Haserodt, Jan"]
[Result "1-0"]
[WhiteElo "2200"]
[BlackElo "2021"]
[PlyCount "111"]
[EventDate "2018.07.21"]
[EventType "swiss"]
[EventRounds "9"]
[EventCountry "GER"]
[SourceTitle "CBM 186 Extra"]
[Source "ChessBase"]
[SourceDate "2018.08.24"]
[SourceVersion "1"]
[SourceVersionDate "2018.08.24"]
[SourceQuality "1"]

1. d4 d6 2. Nf3 Nf6 3. b3 Nbd7 4. Bb2 c6 5. e3 Qc7 6. Nbd2 d5 7. Bd3 e6 8. c4 Bd6 9. c5 Be7 10. b4 0-0 11. 0-0 h6 12. Qe2 Re8 13. a4 Bf8 14. Rfc1 g6 15. Ne5 Nxe5 16. dxe5 Nd7 17. f4 a5 18. Bc3 Qb8 19. Nb3 b6 20. cxb6 axb4 21. Bd4 Nxb6 22. a5 Nc4 23. Bxc4 dxc4 24. Qxc4 Ba6 25. Qxc6 Rc8 26. Qb6 Bc4 27. Qxb8 Raxb8 28. Rab1 Bd5 29. Rxc8 Rxc8 30. Rb2 Be7 31. a6 Kf8 32. a7 Ke8 33. Kf2 Kd7 34. Nd2 Kc7 35. e4 Ba8 36. Rc2+ Kb7 37. Rxc8 Kxc8 38. Nc4 b3 39. Ke3 Kc7 40. Kd3 Bb4 41. Nb6 Kb7 42. Nxa8 Kxa8 43. g4 Ba3 44. Kc3 Bc1 45. Kxb3 Bxf4 46. h3 Kb7 47. Kc4 Bc1 48. Kb5 h5 49. a8Q+ Kxa8 50. Kc6 hxg4 51. hxg4 Ba3 52. Kd7 Kb7 53. Ke8 Kc6 54. Kxf7 Kd7 55. Kxg6 Be7 56. Be3 1-0

[Event "GER-ch Seniors 50"]
[Site "Hamburg"]
[Date "2018.07.22"]
[Round "2"]
[White "Schmidt, Gerhard3333"]
[Black "Haserodt, Jan"]
[Result "1-0"]
[WhiteElo "2138"]
[BlackElo "2021"]
[PlyCount "43"]
[EventDate "2018.07.21"]
[EventType "swiss"]
[EventRounds "9"]
[EventCountry "GER"]
[SourceTitle "CBM 186 Extra"]
[Source "ChessBase"]
[SourceDate "2018.08.24"]
[SourceVersion "1"]
[SourceVersionDate "2018.08.24"]
[SourceQuality "1"]

1. e4 d5 2. exd5 Nf6 3. d4 Nxd5 4. Nf3 g6 5. c4 Nb6 6. Nc3 Bg7 7. c5 Nd5 8. Bc4 Nxc3 9. bxc3 0-0 10. 0-0 Nc6 11. Re1 Na5 12. Bf1 h6 13. Qa4 b6 14. Ne5 e6 15. Ba3 Bxe5 16. dxe5 Bd7 17. Qf4 g5 18. Qf3 Bc6 19. Qh5 Kg7 20. cxb6 Re8 21. Rad1 Qb8 22. h4 1-0

[Event "Schleswig Holstein-ch Meisterklasse"]
[Site "Bad Segeberg"]
[Date "2018.03.28"]
[Round "?"]
[White "Haserodt, Jan"]
[Black "Moysich, Dirk"]
[Result "1-0"]
[WhiteElo "1985"]
[BlackElo "1944"]
[PlyCount "231"]
[EventDate "2018.03.24"]
[EventType "swiss"]
[EventRounds "9"]
[EventCountry "GER"]
[SourceTitle "EXT 2022"]
[Source "ChessBase"]
[SourceDate "2021.10.06"]
[SourceVersion "1"]
[SourceVersionDate "2021.10.06"]
[SourceQuality "1"]

1. d4 d6 2. e4 Nf6 3. f3 e5 4. dxe5 dxe5 5. Qxd8+ Kxd8 6. Bc4 Be6 7. Bxe6 fxe6 8. Nh3 Bd6 9. Be3 Nbd7 10. Nd2 Ke7 11. 0-0-0 a5 12. Rhe1 a4 13. Nf2 b5 14. c4 Rhb8 15. Nd3 bxc4 16. Nxc4 h6 17. Re2 Nh5 18. Red2 Ra6 19. Rc2 Nhf6 20. Bd2 Rb5 21. Bc3 Ne8 22. a3 Nef6 23. Nb4 Bxb4 24. Bxb4+ Ke8 25. Ne3 c5 26. Bc3 Ke7 27. Nc4 Rb8 28. Rcd2 Rb7 29. Nxe5 Nxe5 30. Bxe5 Ne8 31. Rd8 c4 32. Rc8 Nd6 33. Bxd6+ Rxd6 34. Rxd6 Kxd6 35. Rxc4 Ra7 36. f4 g5 37. g3 Ra6 38. Kd2 Ra7 39. Kd3 Ra6 40. Kd4 Rb6 41. e5+ Kd7 42. Rb4 Ra6 43. Ke4 Kc6 44. fxg5 hxg5 45. h4 gxh4 46. gxh4 Ra8 47. Rc4+ Kb5 48. Kd3 Rg8 49. Re4 Rg2 50. Re2 Rg3+ 51. Kd4 Rh3 52. Re4 Rh2 53. Kc3 Rh3+ 54. Kc2 Rh2+ 55. Kb1 Rh1+ 56. Ka2 Rh2 57. Rb4+ Ka5 58. Rd4 Kb5 59. Rd6 Rxh4 60. Rxe6 Re4 61. Re8 Kc5 62. Rb8 Rxe5 63. Rb4 Re2 64. Rxa4 Kb5 65. Rh4 Rg2 66. a4+ Ka5 67. Ka3 Rg3+ 68. b3 Rf3 69. Rh5+ Ka6 70. Rc5 Kb6 71. Rb5+ Ka6 72. Rb8 Ka7 73. Rc8 Kb7 74. Rc4 Kb6 75. Kb4 Rg3 76. a5+ Ka6 77. Rh4 Rf3 78. Rh6+ Ka7 79. Ka4 Rf4+ 80. b4 Rf1 81. Rh5 Ka6 82. Rh6+ Ka7 83. Rc6 Rf4 84. Rc5 Rf1 85. Kb5 Rg1 86. Rc7+ Kb8 87. Kb6 Rg6+ 88. Rc6 Rg4 89. b5 Rg8 90. Ka6 Rf8 91. b6 Rg8 92. Kb5 Rg1 93. Rc4 Kb7 94. a6+ Kb8 95. Rd4 Rb1+ 96. Kc5 Rc1+ 97. Rc4 Ra1 98. a7+ Kb7 99. Kb5 Rb1+ 100. Rb4 Rg1 101. Ra4 Rg5+ 102. Kb4 Rg4+ 103. Kb3 Rg3+ 104. Kc2 Rg2+ 105. Kd3 Rg3+ 106. Ke2 Rg2+ 107. Kf3 Rg8 108. Kf4 Ra8 109. Rb4 Rf8+ 110. Ke5 Re8+ 111. Kd6 Rd8+ 112. Kc5 Rh8 113. Rd4 Rc8+ 114. Kb5 Rh8 115. Rd7+ Ka8 116. Ka6 1-0

[Event "Schleswig Holstein-ch Vormeisterklasse"]
[Site "Ratzeburg"]
[Date "2017.04.??"]
[Round "2.3"]
[White "Jeschke, Holger"]
[Black "Haserodt, Jan"]
[Result "1/2-1/2"]
[WhiteElo "1867"]
[BlackElo "1987"]
[PlyCount "87"]
[EventDate "2017.04.13"]
[EventType "tourn"]
[EventRounds "9"]
[EventCountry "GER"]
[SourceTitle "EXT 2022"]
[Source "ChessBase"]
[SourceDate "2021.10.06"]
[SourceVersion "1"]
[SourceVersionDate "2021.10.06"]
[SourceQuality "1"]

1. b4 Na6 2. a3 c5 3. b5 Nc7 4. c4 b6 5. Nf3 d5 6. e3 Bb7 7. Bb2 e6 8. Be2 Nf6 9. 0-0 Be7 10. d4 0-0 11. Nbd2 Ne4 12. Qc2 Rc8 13. Nxe4 dxe4 14. Nd2 cxd4 15. Bxd4 Nxb5 16. Bb2 Bf6 17. Rfd1 Nd6 18. Rac1 Bxb2 19. Qxb2 Qf6 20. Qb4 Rfd8 21. Nb3 Qe5 22. c5 bxc5 23. Nxc5 Bd5 24. Na6 h6 25. Nc7 Nf5 26. Qa5 Qb2 27. Ba6 Bb7 28. Bxb7 Qxb7 29. Rxd8+ Rxd8 30. g4 Nh4 31. Nxe6 Rd5 32. Qc7 Qxc7 33. Nxc7 Rd3 34. Nb5 g6 35. h3 Kg7 36. Nxa7 Rxa3 37. Nb5 Rb3 38. Nd4 Rb2 39. Kf1 Ra2 40. Kg1 Rb2 41. Kf1 Kf6 42. Rc6+ Ke5 43. Rc5+ Kd6 44. Rc1 1/2-1/2

[Event "Schleswig Holstein-ch Vormeisterklasse"]
[Site "Ratzeburg"]
[Date "2017.04.??"]
[Round "4.4"]
[White "Kroencke, Manfred"]
[Black "Haserodt, Jan"]
[Result "1/2-1/2"]
[WhiteElo "2099"]
[BlackElo "1987"]
[PlyCount "63"]
[EventDate "2017.04.13"]
[EventType "tourn"]
[EventRounds "9"]
[EventCountry "GER"]
[SourceTitle "EXT 2022"]
[Source "ChessBase"]
[SourceDate "2021.10.06"]
[SourceVersion "1"]
[SourceVersionDate "2021.10.06"]
[SourceQuality "1"]

1. e4 e6 2. d3 d5 3. Nd2 Nf6 4. g3 b6 5. Bg2 Bb7 6. exd5 Nxd5 7. Ngf3 Nc6 8. 0-0 Be7 9. Re1 0-0 10. Ne4 Rb8 11. Bd2 Nf6 12. Bc3 Nxe4 13. Rxe4 Bf6 14. Rf4 Bxc3 15. bxc3 e5 16. Re4 f6 17. Re1 Re8 18. Nh4 Ne7 19. Bxb7 Rxb7 20. d4 exd4 21. cxd4 c6 22. Qe2 Qd7 23. c3 Rd8 24. Rad1 b5 25. Ng2 Nd5 26. Rc1 Nb6 27. Nf4 Qf7 28. Nd3 Rbb8 29. Nb4 Rbc8 30. Qe6 Re8 31. Qxf7+ Kxf7 32. Rxe8 1/2-1/2

[Event "Schleswig Holstein-ch cand 63rd"]
[Site "Gross Groenau"]
[Date "2008.03.21"]
[Round "9"]
[White "Rickert, Heiko"]
[Black "Haserodt, Jan"]
[Result "1/2-1/2"]
[WhiteElo "1842"]
[BlackElo "1957"]
[PlyCount "41"]
[EventDate "2008.03.15"]
[EventType "swiss"]
[EventRounds "9"]
[EventCountry "GER"]
[SourceTitle "EXT 2010"]
[Source "ChessBase"]
[SourceDate "2010.11.25"]
[SourceVersion "1"]
[SourceVersionDate "2010.11.25"]
[SourceQuality "1"]

1. e4 e6 2. d4 d5 3. Nc3 Nf6 4. Bg5 dxe4 5. Nxe4 Be7 6. Bxf6 Bxf6 7. Nf3 Nd7 8. Bd3 b6 9. Qe2 Bb7 10. 0-0 0-0 11. Rad1 Qe7 12. c3 Rad8 13. Rfe1 Rfe8 14. Qc2 g6 15. Nxf6+ Qxf6 16. Be4 Bxe4 17. Qxe4 Qf5 18. Qc6 Qd5 19. Qxd5 exd5 20. Ne5 Nxe5 21. Rxe5 1/2-1/2

[Event "Schleswig Holstein-ch cand 63rd"]
[Site "Gross Groenau"]
[Date "2008.03.16"]
[Round "2"]
[White "Neitzel, Mirko"]
[Black "Haserodt, Jan"]
[Result "0-1"]
[WhiteElo "1633"]
[BlackElo "1957"]
[PlyCount "82"]
[EventDate "2008.03.15"]
[EventType "swiss"]
[EventRounds "9"]
[EventCountry "GER"]
[SourceTitle "EXT 2010"]
[Source "ChessBase"]
[SourceDate "2010.11.25"]
[SourceVersion "1"]
[SourceVersionDate "2010.11.25"]
[SourceQuality "1"]

1. e4 Nc6 2. Nf3 e5 3. Bc4 Nf6 4. d3 Bc5 5. 0-0 0-0 6. Bg5 d6 7. Nbd2 Be6 8. Bb3 Nd4 9. Nxd4 Bxd4 10. c3 Bb6 11. Qf3 h6 12. Bxf6 Qxf6 13. Qxf6 gxf6 14. Bxe6 fxe6 15. Nc4 d5 16. Nxb6 axb6 17. exd5 exd5 18. Rfe1 Rfe8 19. f3 Kf7 20. Kf2 f5 21. Re2 Kf6 22. b3 b5 23. g4 Rg8 24. Rae1 fxg4 25. fxg4 Rxg4 26. Rxe5 Rxa2+ 27. Kf3 Re4 28. R5xe4 dxe4+ 29. Rxe4 Rxh2 30. Rf4+ Ke6 31. Rb4 c6 32. Re4+ Kd6 33. c4 b4 34. Rg4 h5 35. Rg7 b6 36. Rg6+ Kc5 37. d4+ Kxd4 38. Rxc6 Rh3+ 39. Kf4 Rxb3 40. Kg5 Rh3 41. Rxb6 Kxc4 0-1